Stany USA - Statystyki

Ogólne statystyki
  • Ten quiz został rozwiązany 128 razy
  • Średni wynik to 31 z 51
Statystyki odpowiedzi
Stan % Poprawnych
Alaska
88%
Nowy Jork
88%
Teksas
86%
Kalifornia
85%
Karolina Północna
85%
Karolina Południowa
85%
Floryda
84%
Waszyngton
82%
Arizona
80%
Hawaje
77%
Alabama
74%
Dakota Północna
74%
Dakota Południowa
74%
Georgia
74%
Nowy Meksyk
72%
Ohio
70%
Illinois
68%
Kolorado
66%
Missisipi
65%
Idaho
62%
Luizjana
62%
Missouri
62%
Oregon
62%
Kentucky
61%
Nevada
61%
Montana
59%
Oklahoma
59%
Utah
58%
Arkansas
57%
Indiana
57%
Iowa
54%
Maine
54%
Massachusetts
54%
New Jersey
54%
Pensylwania
54%
Wyoming
54%
Minnesota
51%
Wirginia
51%
Connecticut
50%
Michigan
50%
Kansas
49%
Maryland
49%
Tennessee
47%
Delaware
46%
Nebraska
45%
New Hampshire
43%
Vermont
43%
Wirginia Zachodnia
43%
Rhode Island
42%
Wisconsin
41%
Dystrykt Kolumbii
7%
Nie znaleziono quizów pasujących do podanych kryteriów
Rozkład punktacji
Procent ludzi z każdym wynikiem
Percentyl według liczby udzielonych odpowiedzi
Twoja historia wyników
Nie rozwiązałeś tego quizu